Kráľovná polí postupne dobýja svet energie

Bibliographic Details
Main Author: Lettrich, Roman (Author)
Format: Article
Language:Slovak
ISSN:1335-440X
Subjects:

MARC

LEADER 00000nab a2200000 ar4500
001 vtls009007761
003 SK-MaSNL
005 20260303065456.0
008 070717c20070608xo |||||||||||000 b|slo
015 |a SNBRB2007/07  |2 snkbucl 
038 |a SNKBUCL 
040 |a SNKBUCL  |b slo  |c SNKBUCL  |e AACR2 
041 0 |a slo 
044 |a xo  |c SK 
080 |a 633.15  |x (437.6)  |2 1997 
080 |a 662.756.3:061.5  |x (437.6)  |2 1997 
080 |a 633:620.9  |x (437.6)  |2 1997 
100 1 |a Lettrich, Roman  |4 aut  |9 856760 
245 1 0 |a Kráľovná polí postupne dobýja svet energie  |c Roman Lettrich 
610 2 7 |a Enviral (Leopoldov, Slovensko)  |2 snkbucl  |9 1065580 
650 0 7 |a bioetanol  |2 snkbucl  |9 19535 
650 0 7 |a kukurica  |2 snkbucl  |9 16138 
773 0 |t Sme. Roľnícke noviny  |g Č. 131 (8.6.2007)  |x 1335-440X 
773 0 8 |i Príl.:  |t Roľnícke noviny  |g Č. 23 (8.6.2007), s. 5 
852 |a SNK  |b KIS3GCP 
958 |a SK 
999 |c 1751325  |d 1753255